000
00347pam a2200157a 44500
008
230515b1987 xxu||||| |||| 00| 0 eng d
020
_a
NULL
041
_a
ENGL
082
_a
690 /BEE
100
_a
BEEDLE LYNN
245
_a
ADVANCES IN TALL BUILDINGS
250
_a
N.D.
260
_a
NULL
_b
C.B.S
_c
1987
300
_a
693 HB
650
_a
NULL
999
_c
621014
_d
621014